Inclusive education / (Record no. 172657)

MARC details
000 -LEADER
fixed length control field 00621nam a22002057a 4500
005 - DATE AND TIME OF LATEST TRANSACTION
control field 20200210144201.0
010 ## - LCCN (DPL NO)
LC control number ENG-127786
020 ## - INTERNATIONAL STANDARD BOOK NUMBER
Terms of availability 295.00
International Standard Book Number 9789386725745
035 ## - SYSTEM CONTROL NUMBER
System control number EN-111318
037 ## - SOURCE OF ACQUISITION
Source of stock number/acquisition DBAD/PUB
082 ## - DEWEY DECIMAL CLASSIFICATION NUMBER
Classification number 371.9046
100 ## - MAIN ENTRY--PERSONAL NAME
Personal name Arya,Pawan Kumar
245 ## - TITLE STATEMENT
Title Inclusive education /
Statement of responsibility, etc by Pawan kumar Arya[and]Soma
250 ## - EDITION STATEMENT
Edition statement 1st ed.
260 ## - PUBLICATION, DISTRIBUTION, ETC. (IMPRINT)
Place of publication, distribution, etc New Delhi
Name of publisher, distributor, etc Neelkamal publications
Date of publication, distribution, etc 2018
270 ## - ADDRESS
Address 4764/1,23,Ansari Road,Daryaganj
City New Delhi
Postal code 110002
300 ## - PHYSICAL DESCRIPTION
Extent xi,;300p
Dimensions 24cm(pbk)
500 ## - GENERAL NOTE
General note includes bibliography and index.
942 ## - ADDED ENTRY ELEMENTS (KOHA)
Source of classification or shelving scheme Dewey Decimal Classification
Item type English Books
Call number suffix ARY
Classification part 371.9046
Holdings
Withdrawn status Lost status Not for loan Collection code Home library Current library Date acquired Source of acquisition Cost, normal purchase price Full call number Barcode Copy number Cost, replacement price Koha item type
      Non-fiction Central Library Central Library 10/02/2020 DBAD/PUB 295.00 371.9046 ARY EN-111318 1 295.00 English Books

© Delhi Public Library
Hit Counter
free hit counter